000 00404 a2200133 4500
005 20250616112219.0
020 _a9987-617-46-8
082 _a339 KAM
100 _aKAMUZORA, F.
245 _aMacroeconomics: A Problems and Solution Guide
260 _aMzumbe University,
_bResearch and Publication Department,
_c2005.
300 _aviii, 164p.: ill.; figure.
_bBibliography, index.
_c21cm.
942 _2ddc
_cBKS
999 _c4109
_d4109